| 000 | 01867nam a2200301Ia 4500 | ||
|---|---|---|---|
| 999 |
_c55599 _d55599 |
||
| 001 | 22694 | ||
| 003 | GE_BSU | ||
| 005 | 20230421111828.0 | ||
| 008 | 181216s2017||||ge |||||||||||||| ||geo|| | ||
| 020 | _a9789941271120 | ||
| 040 | _cGE_BSU | ||
| 041 | _ageo | ||
| 080 | _a94(479.224)+39(479.22) კ-44 | ||
| 100 |
_aკვაშილავა, ირმა _917699 |
||
| 245 |
_aისტორიულ-ეთნოგრაფიული სამურზაყანო / _cირმა კვაშილავა ; რედაქტორი ვალერიან ითონიშვილი. |
||
| 264 |
_aთბილისი : _b(საქ. მეცნ. ეროვნული აკადემიის სტამბა), _c2017. |
||
| 300 |
_a196 გვ. ; _c20 სმ. |
||
| 500 | _aეძღვნება სამშობლოსათვის თავდადებულთა ნათელ ხსოვნას | ||
| 520 | _aეძღვნება სამშობლოსათვის თავდადებულთა ნათელ ხსოვნას. | ||
| 541 | _h7ლ. | ||
| 653 | _aაფხაზეთის ისტორია | ||
| 653 | _aაფხაზეთის ეთნოგრაფია | ||
| 653 | _aისტორია | ||
| 653 | _aისტორიულ-ეთნოგრაფიული სამურზაყანო | ||
| 700 |
_aითონიშვილი, ვალერიან _eრედაქტორი _94614 |
||
| 710 |
_aთბილისის ივანე ჯავახიშვილის სახელმწიფო ინსტიტუტი _bივანე ჯავახიშვილის ისტორიისა და ეთნოლოგიის ინსტიტუტი _917700 |
||
| 942 |
_cBK _2udc |
||